000 00447nam a2200181Ia 4500
001 25363
005 20260414151145.0
008 260414t2017||||xx |||||||||||||| ||spa||
041 _aESP
082 _a346.5
_bE84
100 _aEspinoza Espinoza, Juan
_eAUT
245 0 _aIntroducción al derecho de las obligaciones
_b
260 _c2017
300 _a479 páginas :
_c25 cm.
650 _aDER
654 _aCDE
942 _cLIB
_dJUS
_fJUS
_2ddc
_n
999 _c25363
_d25363